00960nam a2200193 i 4500001000700000003000900007005001700016008004100033245024300074260007000317300003900387650003300426700003600459700004900495710005700544852002400601999001900625952012200644190200ES-MaACL20250821092338.0200914s1958 sp |||| | spa d00aDiscursos leídos ante la Real Academia de Bellas Artes de San Fernando, en la recepción pública de... Ramón Stolz Viciano ;[contestación de... Enrique Lafuente Ferrari] : btema: sobre el oficio de pintor y la pintura al fresco. aMadrid : bReal Academia de Bellas Artes de San Fernando, c1958. a95 p., 2 lám. : bil. ; c24 cm. 7aPintura mural2embne91703131 aStolz Viciano, Ramón.91082991 aLafuente Ferrari, Enrique,d1898-19859695382 aReal Academia de Bellas Artes de San Fernando.96291 aES-MaACLjF-M-III-N c190200d190200 00104070aATENEOMbATENEOMcADMd2005-05-19eSCl0oF-M-III-Np1201973r2023-02-23 00:00:00w2023-02-23yMONOGRAFIA